000
00315nam a22001337a 4500
008
181217b xxu||||| |||| 00| 0 eng d
020
_a
0721693172
041
_a
eng
080
_2
6 TH
_a
616.15
100
_a
9
101
_a
HEM
245
_a
Hematology Of Infancy And Childhood
_c
David,G,N
942
_2
udc
_c
BK
999
_c
53208
_d
53208